Strength of materials and theory of structures / (Record no. 5457)

MARC details
000 -LEADER
fixed length control field 00570nam a22002057a 4500
001 - CONTROL NUMBER
control field BD-DhSAU 5457
003 - CONTROL NUMBER IDENTIFIER
control field BD-DhSAU
005 - DATE AND TIME OF LATEST TRANSACTION
control field 20150415162336.0
008 - FIXED-LENGTH DATA ELEMENTS--GENERAL INFORMATION
fixed length control field 150415b1966 bg a||||r|||| 001 0 eng d
040 ## - CATALOGING SOURCE
Original cataloging agency BD-DhSAU
082 ## - DEWEY DECIMAL CLASSIFICATION NUMBER
Edition number 22
Classification number 620.11
Item number ALS
100 ## - MAIN ENTRY--PERSONAL NAME
Personal name Alum, Jahidul.
245 ## - TITLE STATEMENT
Title Strength of materials and theory of structures /
Statement of responsibility, etc. Dr. Jahidul Alum.
260 ## - PUBLICATION, DISTRIBUTION, ETC. (IMPRINT)
Place of publication, distribution, etc. Dhaka :
Name of publisher, distributor, etc. Mrs. Dolly Alum,
Date of publication, distribution, etc. c1966.
300 ## - PHYSICAL DESCRIPTION
Extent viii, 277 p. :
Other physical details ill. ;
Dimensions 22 cm.
504 ## - BIBLIOGRAPHY, ETC. NOTE
Bibliography, etc Includes index.
590 ## - Name of Cataloguer
Name of Cataloger joy
650 ## - SUBJECT ADDED ENTRY--TOPICAL TERM
Topical term or geographic name as entry element Engineering.
650 ## - SUBJECT ADDED ENTRY--TOPICAL TERM
Topical term or geographic name as entry element Strength.
Form subdivision Materials.
942 ## - ADDED ENTRY ELEMENTS (KOHA)
Source of classification or shelving scheme Dewey Decimal Classification
Koha item type Book
Holdings
Withdrawn status Lost status Source of classification or shelving scheme Damaged status Not for loan Collection code Home library Branch Name Shelving location Date acquired Total Checkouts Full call number Barcode Date last seen Price effective from Koha item type
    Dewey Decimal Classification   Not For Loan Reference SAU Library SAU Library Reference 20/02/2008   620.11 ALS 33564 15/04/2015 15/04/2015 Book